[Event "ECC"]
[Site "Panormo GRE"]
[Date "2001.09.24"]
[Round "2"]
[White "Ulfarsson,M"]
[Black "Petzold,K"]
[Result "1/2-1/2"]
[WhiteElo "2290"]
[BlackElo "2269"]
[EventDate "2001.09.22"]

1. e4 c6 2. d4 d5 3. Nd2 dxe4 4. Nxe4 Nd7 5. Ng5 Ngf6 6. Bd3 e6 7. N1f3 Bd6
8. Qe2 h6 9. Ne4 Nxe4 10. Qxe4 Nf6 11. Qe2 Qc7 12. Bd2 b6 13. O-O-O Bb7 14.
Rhe1 O-O-O 15. Ba6 Bxa6 16. Qxa6+ Kb8 17. Qe2 Nd5 18. c4 Nf4 19. Qf1 Ng6
20. Bc3 Be7 21. g3 Bf6 22. h4 1/2-1/2

[Event "ECC"]
[Site "Panormo GRE"]
[Date "2001.09.24"]
[Round "2"]
[White "Plumanns,D"]
[Black "Sigfusson,S"]
[Result "1/2-1/2"]
[WhiteElo "2199"]
[BlackElo "2284"]
[EventDate "2001.09.22"]

1. d4 Nf6 2. e3 g6 3. c4 Bg7 4. Nc3 d5 5. cxd5 Nxd5 6. Bc4 Nf6 7. Nf3 O-O
8. Ne5 Nbd7 9. f4 c5 10. O-O cxd4 11. exd4 Nb6 12. Bb3 Nbd5 13. Qf3 e6 14.
Bd2 1/2-1/2

[Event "ECC"]
[Site "Panormo GRE"]
[Date "2001.09.24"]
[Round "2"]
[White "Zetocha,C"]
[Black "Elseth,R"]
[Result "1/2-1/2"]
[WhiteElo "2434"]
[BlackElo "2358"]
[EventDate "2001.09.22"]

1. e4 e5 2. Nf3 Nc6 3. Bb5 a6 4. Ba4 Nf6 5. O-O Be7 6. Re1 b5 7. Bb3 d6 8.
c3 O-O 9. d4 Bg4 10. Be3 exd4 11. cxd4 Na5 12. Bc2 c5 13. dxc5 dxc5 14.
Nbd2 Re8 15. Qb1 Nd7 16. e5 Nf8 17. a4 h6 18. axb5 axb5 19. Be4 Rc8 20. Qa2
Nc6 21. Qa6 Bd7 22. Qxb5 Nxe5 23. Qa5 Nxf3+ 24. Bxf3 Bf6 25. Qa3 Rb8 26.
Qxc5 Bxb2 27. Ra7 Rc8 28. Qd5 Be6 29. Qxd8 Rexd8 30. Nf1 1/2-1/2

[Event "ECC"]
[Site "Panormo GRE"]
[Date "2001.09.24"]
[Round "2"]
[White "Grotnes,N"]
[Black "Lipka,J"]
[Result "1/2-1/2"]
[WhiteElo "2291"]
[BlackElo "2432"]
[EventDate "2001.09.22"]

1. d4 g6 2. c4 Bg7 3. Nc3 c5 4. d5 Bxc3+ 5. bxc3 f5 6. Qc2 Nf6 7. f3 d6 8.
Bh6 Nbd7 9. Nh3 Ne5 10. Ng5 Rg8 11. h3 Qa5 12. e3 Qa6 13. Qb3 Bd7 14. a4
Qb6 15. Qc2 Qa5 16. Ra2 Qa6 17. Qb3 Nh5 18. Kf2 f4 19. exf4 Nxf4 20. Ke3
Nh5 21. Kf2 Qb6 22. Qd1 Qa6 23. g4 Nf6 24. Qb3 Qb6 25. Qc2 Nf7 26. Nxf7
Kxf7 27. Bd3 e6 28. Rb2 Qa6 29. dxe6+ Bxe6 30. Qb3 b6 31. Re1 Rge8 32. Bf4
Bd7 33. a5 Rxe1 34. Kxe1 bxa5 35. Qb7 Qc6 36. Kf2 a4 37. g5 a3 38. Qxc6
Bxc6 39. Ra2 Nh5 40. Bc1 Ke6 41. Rxa3 a5 42. Rb3 Rf8 43. Be2 a4 44. Rb6 Kd7
45. Ra6 Ra8 46. Rxa8 Bxa8 47. f4 Ng7 48. Bg4+ Ke7 49. Ke3 Bc6 50. Kd3 Bd7
51. Ke4 Be6 52. Bd1 Bxc4 53. Bxa4 Be6 54. h4 Nf5 55. Bd2 Nxh4 56. Ke3 Bf5
57. Bd1 Bb1 58. Bg4 Bf5 59. Be2 d5 60. Kf2 Be4 61. Bg4 Kd6 62. Kg3 Nf5+ 63.
Bxf5 Bxf5 64. Kf3 Kc6 65. Ke3 Kb5 66. Bc1 1/2-1/2

[Event "ECC"]
[Site "Panormo GRE"]
[Date "2001.09.24"]
[Round "2"]
[White "Bjelke,J"]
[Black "Petran,Pe"]
[Result "1/2-1/2"]
[WhiteElo "2087"]
[BlackElo "2364"]
[EventDate "2001.09.22"]

1. Nf3 g6 2. g3 Bg7 3. Bg2 e5 4. d3 d5 5. O-O Ne7 6. e4 d4 7. Nh4 c5 8. a4
Nbc6 9. Na3 Be6 10. h3 Qd7 11. Kh2 O-O 12. b3 f5 13. Qe2 fxe4 14. Qxe4 Nd5
15. Bd2 Rae8 16. Rae1 Nf6 17. Qe2 Bd5 18. Bxd5+ Qxd5 19. f3 b6 20. Nc4 Qd7
21. Qg2 Nd5 22. Qe2 a6 23. Qe4 b5 24. Nb2 Nf4 25. g4 Nb4 26. Rc1 Nbd5 27.
axb5 axb5 28. c4 bxc4 29. Nxc4 Nf6 1/2-1/2

[Event "ECC"]
[Site "Panormo GRE"]
[Date "2001.09.24"]
[Round "2"]
[White "Sherwin,J"]
[Black "Berndt,S"]
[Result "0-1"]
[WhiteElo "2359"]
[BlackElo "2479"]
[EventDate "2001.09.22"]

1. Nf3 Nf6 2. c4 g6 3. Nc3 d5 4. cxd5 Nxd5 5. Qa4+ Bd7 6. Qh4 Bc6 7. Nxd5
Qxd5 8. e3 Nd7 9. Be2 Bg7 10. O-O e5 11. d3 O-O 12. e4 Qd6 13. Rd1 Rae8 14.
Bd2 b6 15. Rac1 Bb5 16. b4 Ba4 17. Re1 c5 18. bxc5 Nxc5 19. Bb4 Rc8 20. Rc3
a5 21. Ba3 b5 22. Rcc1 b4 23. Bb2 Ne6 24. Bf1 Rxc1 25. Rxc1 Re8 26. Qg3 Nf4
27. Nd2 Bb5 28. Nc4 Bxc4 29. Rxc4 Rd8 30. h4 h5 31. Rc1 Bh6 32. Rc4 Bg7 33.
Rc1 a4 34. Rc4 a3 35. Bc1 Nxd3 36. Bg5 Rd7 37. Rc8+ Kh7 38. Qf3 Nf4 39.
Bxf4 exf4 40. Bc4 Qd1+ 41. Kh2 Qc1 42. Ba6 Qb1 43. Bc4 Qc1 44. Ba6 Qb2 45.
Bc4 Rd2 46. Bxf7 Rxf2 47. Qh3 f3 48. Bxg6+ Kh6 49. Kg3 Be5+ 0-1

[Event "ECC"]
[Site "Panormo GRE"]
[Date "2001.09.24"]
[Round "2"]
[White "Poldauf,D"]
[Black "Buckley,D"]
[Result "1-0"]
[WhiteElo "2403"]
[BlackElo "2172"]
[EventDate "2001.09.22"]

1. c4 g6 2. Nc3 Bg7 3. g3 c5 4. Bg2 Nc6 5. a3 b6 6. Rb1 Bb7 7. d3 d6 8. e4
e6 9. Nge2 Nge7 10. O-O Qd7 11. Be3 Nd4 12. b4 O-O 13. Qd2 f5 14. Bh6 Nec6
15. Bxg7 Qxg7 16. b5 Nxe2+ 17. Nxe2 Nd4 18. Nxd4 Qxd4 19. exf5 Bxg2 20.
Kxg2 exf5 21. Qe3 Qe5 22. Rfe1 Rae8 23. Re2 Qxe3 24. Rxe3 Re5 25. a4 Rd8
26. Rbe1 Kf7 27. Kf3 Rxe3+ 28. fxe3 d5 29. cxd5 Rxd5 30. Ke2 Ke6 31. a5 Rd7
32. Ra1 Kd5 33. Ra4 Rc7 34. axb6 axb6 35. Ra6 Rb7 36. Kd2 c4 37. d4 g5 38.
Ra8 Ke4 39. Re8+ Kf3 40. Re5 Kg4 41. Kc3 Rc7 42. Re6 Kf3 43. Rxb6 Kxe3 44.
Re6+ Kf3 45. b6 Rf7 46. Kxc4 f4 47. d5 fxg3 48. hxg3 Kxg3 49. d6 g4 50. Re7
Rf8 51. d7 Rd8 52. b7 1-0

[Event "ECC"]
[Site "Panormo GRE"]
[Date "2001.09.24"]
[Round "2"]
[White "Buckley,M"]
[Black "Thiede,L"]
[Result "0-1"]
[WhiteElo "2118"]
[BlackElo "2410"]
[EventDate "2001.09.22"]

1. e4 g6 2. Nc3 Bg7 3. g3 d6 4. Bg2 c5 5. d3 Nc6 6. Be3 Rb8 7. Qd2 b5 8.
Nge2 b4 9. Nd1 a5 10. O-O Ba6 11. f4 Qb6 12. f5 a4 13. Nf4 a3 14. Rb1 axb2
15. Nxb2 Nf6 16. Nd5 Nxd5 17. exd5 Ne5 18. h3 Bb5 19. Rf4 Qa6 20. Nc4 Bxc4
21. dxc4 Qxa2 22. Re1 Nxc4 23. Qe2 Nxe3 24. Qxe3 Be5 25. Re4 Qb2 26. Qg5 b3
27. cxb3 Rxb3 28. fxg6 Rxg3 29. gxf7+ Kf8 0-1

[Event "ECC"]
[Site "Panormo GRE"]
[Date "2001.09.24"]
[Round "2"]
[White "Rudolf,Hen"]
[Black "Trevelyan,J"]
[Result "1-0"]
[WhiteElo "2328"]
[BlackElo "2145"]
[EventDate "2001.09.22"]

1. e4 e5 2. Nf3 d6 3. d4 Nd7 4. Nc3 Ngf6 5. Bc4 Be7 6. O-O O-O 7. Re1 c6 8.
a4 Qc7 9. Ba2 b6 10. h3 a6 11. Nh4 Re8 12. Nf5 Bf8 13. Bg5 Bb7 14. dxe5
dxe5 15. Qf3 Be7 16. Qg3 Nh5 17. Qh4 Bxg5 18. Qxh5 1-0

[Event "ECC"]
[Site "Panormo GRE"]
[Date "2001.09.24"]
[Round "2"]
[White "Kutirov,R"]
[Black "Maljush,A"]
[Result "1-0"]
[WhiteElo "2390"]
[BlackElo "2312"]
[EventDate "2001.09.22"]

1. d4 d5 2. c4 e6 3. Nf3 Nf6 4. Bg5 c6 5. Nc3 Be7 6. e3 O-O 7. a3 Nbd7 8.
Qc2 Re8 9. Rd1 Nf8 10. Bd3 Ng6 11. O-O dxc4 12. Bxc4 h6 13. Bxf6 Bxf6 14.
Ne4 Be7 15. Ne5 Nf8 16. f4 Nd7 17. f5 Nxe5 18. dxe5 Qb6 19. f6 Bf8 20. fxg7
Bxg7 21. Qf2 Rf8 22. Nf6+ Kh8 23. Rd4 Rd8 24. Qc2 Bxf6 25. Rxf6 Kg7 26.
Rg4+ Kf8 27. Rxf7+ Kxf7 28. Qh7+ 1-0

[Event "ECC"]
[Site "Panormo GRE"]
[Date "2001.09.24"]
[Round "2"]
[White "Kocovski,I"]
[Black "Bezler,R"]
[Result "1-0"]
[WhiteElo "2346"]
[BlackElo "2278"]
[EventDate "2001.09.22"]

1. d4 d5 2. c4 e6 3. Nc3 Nf6 4. cxd5 exd5 5. Bg5 Be7 6. Qc2 c6 7. e3 Be6 8.
Bd3 Nbd7 9. Nf3 O-O 10. O-O g6 11. Rae1 Re8 12. h3 Qa5 13. a3 Bf8 14. b4
Qc7 15. Bf4 Qd8 16. Na4 Ne4 17. Nc5 Nexc5 18. bxc5 b6 19. cxb6 Nxb6 20. Ne5
Rc8 21. Ba6 Nc4 22. Bxc8 Qxc8 23. Nxc4 1-0

[Event "ECC"]
[Site "Panormo GRE"]
[Date "2001.09.25"]
[Round "3"]
[White "Georgiev,Ki"]
[Black "Halkias,S"]
[Result "1-0"]
[WhiteElo "2695"]
[BlackElo "2505"]
[EventDate "2001.09.22"]

1. c4 e6 2. Nc3 d5 3. d4 c5 4. cxd5 exd5 5. Nf3 Nc6 6. g3 Nf6 7. Bg2 Be7 8.
O-O O-O 9. Bg5 c4 10. Ne5 Be6 11. e3 Nd7 12. Nxc6 bxc6 13. Bxe7 Qxe7 14. b3
Nb6 15. Rc1 Rab8 16. Re1 Rfd8 17. bxc4 Nxc4 18. Na4 Qa3 19. Nc5 Rb2 20. Bf1
Nd2 21. Nxe6 fxe6 22. Rxc6 Rf8 23. Bg2 Qa5 24. a4 Qb4 25. h4 Nc4 26. Rxe6
Rd2 27. Qh5 Rdxf2 28. Rd1 R2f5 29. Qe2 Qxa4 30. Re1 Qd7 31. Ra6 Qc7 32. g4
Rf2 33. Qxf2 Rxf2 34. Kxf2 Qf7+ 35. Kg1 Qd7 36. g5 Nb6 37. Rf1 h6 1-0

[Event "ECC"]
[Site "Panormo GRE"]
[Date "2001.09.25"]
[Round "3"]
[White "Mastrovasilis,D"]
[Black "Kozul,Z"]
[Result "1/2-1/2"]
[WhiteElo "2435"]
[BlackElo "2556"]
[EventDate "2001.09.22"]

1. e4 c5 2. Nf3 d6 3. d4 cxd4 4. Nxd4 Nf6 5. Nc3 Nc6 6. f3 e5 7. Nb3 Be7 8.
Be3 O-O 9. Qd2 Be6 10. O-O-O a5 11. Bb5 Nb4 12. a3 d5 13. axb4 d4 14. Bxd4
exd4 15. Qxd4 Qc7 16. Nd5 Nxd5 17. exd5 Rfc8 18. Bd3 a4 19. Nc5 Bf6 20. Qe4
Bxd5 21. Qxh7+ Kf8 22. Rhe1 g6 23. Bxg6 a3 24. Rxd5 axb2+ 25. Kd2 Qf4+ 26.
Ke2 Qc4+ 27. Rd3 Rxc5 28. bxc5 Ra1 29. Qh6+ Bg7 30. Qd2 fxg6 31. Rd1 b1=Q
32. Rxb1 Rxb1 33. Qg5 Qxc2+ 34. Rd2 Qc4+ 35. Kf2 Rb2 36. Qd8+ Kf7 37. Qd7+
Kg8 38. Qc8+ Bf8 39. Rxb2 Qd4+ 40. Kg3 Qe5+ 41. Kh3 Qh8+ 42. Kg3 Qxb2 43.
Qe6+ Kh7 44. c6 bxc6 45. Qxc6 Qe5+ 46. f4 Qf5 47. Qf3 Bd6 48. Qg4 Qd3+ 49.
Qf3 Qd4 50. Kg4 Qc4 51. g3 Qc8+ 52. f5 Be7 53. Qe4 Qd7 54. Kf4 g5+ 55. Kf3
Qd1+ 56. Kg2 Bf6 57. Qf3 Qc2+ 58. Qf2 Qc4 59. Qf1 Qa4 60. Qe2 Kg7 61. h3
Qb4 62. Qd3 Qb7+ 63. Qf3 Qb2+ 64. Qf2 Qe5 65. Qf3 Qd4 66. Qf2 Qb4 67. Qe3
Qc4 68. Qe6 Qd3 69. Kh2 Qd2+ 70. Kh1 Qd4 71. Kg2 Qd1 72. Kh2 Qc2+ 73. Kh1
Qb2 74. Qd7+ Kf8 75. Qc8+ Ke7 76. Qc7+ Ke8 77. Qc8+ Ke7 78. Qc7+ Kf8 79.
Qc8+ Kg7 80. Qd7+ Kh6 81. Qe6 Qc3 82. Kg2 Kg7 83. Qd7+ Kf8 84. Qd6+ Kg7 85.
Qd7+ Kh6 86. Qe6 Qd4 87. Kh1 Kg7 88. Kg2 Kf8 89. Qc8+ Bd8 90. Kf3 Qd5+ 91.
Kf2 Kg7 92. Qe6 Qd2+ 93. Kg1 Bf6 94. Kh1 Qd8 95. Kg2 Qa8+ 96. Kh2 Qb7 97.
Qe2 Qb4 98. Qe6 Be7 99. Qg6+ Kf8 100. Qe6 Qd2+ 101. Kh1 Qc1+ 102. Kg2 Qb2+
103. Kh1 Qc2 104. Qh6+ Ke8 105. Qe6 Qb1+ 106. Kg2 Qb7+ 107. Kh2 Qb2+ 108.
Kh1 Kd8 109. Qg8+ Kc7 110. Qc4+ Kb8 111. Qg8+ 1/2-1/2

[Event "ECC"]
[Site "Panormo GRE"]
[Date "2001.09.25"]
[Round "3"]
[White "Chernin,A"]
[Black "Babula,V"]
[Result "1/2-1/2"]
[WhiteElo "2601"]
[BlackElo "2566"]
[EventDate "2001.09.22"]

1. c4 Nf6 2. Nc3 e5 3. Nf3 Nc6 4. g3 Bb4 5. Nd5 Bc5 6. Bg2 O-O 7. O-O d6 8.
a3 a5 9. e3 Ba7 10. Qc2 h6 11. d3 Bf5 12. Nd2 Re8 13. b3 Nd7 14. b4 Ncb8
15. Rb1 c6 16. Nc3 Na6 17. Nf3 axb4 18. axb4 Nc7 19. Nd2 Ne6 20. Bb2 Ng5
21. Nde4 Nxe4 22. Nxe4 Qe7 23. Nc3 Qe6 24. Rfc1 Nf6 25. Ne4 Nd7 26. Nc3 Nf6
27. Ne4 Nd7 28. Nc3 1/2-1/2

[Event "ECC"]
[Site "Panormo GRE"]
[Date "2001.09.25"]
[Round "3"]
[White "Stanec,N"]
[Black "Pelletier,Y"]
[Result "0-1"]
[WhiteElo "2530"]
[BlackElo "2531"]
[EventDate "2001.09.22"]

1. c4 Nf6 2. Nc3 c5 3. g3 e6 4. Nf3 b6 5. Bg2 Bb7 6. O-O Be7 7. d4 cxd4 8.
Qxd4 d6 9. Rd1 a6 10. b3 Nbd7 11. Bb2 O-O 12. Ng5 Bxg2 13. Kxg2 Qc7 14.
Nge4 Rfd8 15. f3 Ne8 16. Rac1 Qb7 17. Ba3 Ne5 18. Qe3 Ng6 19. Bb2 b5 20.
cxb5 axb5 21. Qd3 d5 22. Nf2 Nd6 23. a4 Ne5 24. Qd2 Ndc4 25. bxc4 Nxc4 26.
Qf4 e5 0-1

[Event "ECC"]
[Site "Panormo GRE"]
[Date "2001.09.25"]
[Round "3"]
[White "Timoshenko,G"]
[Black "Korchnoi,V"]
[Result "1-0"]
[WhiteElo "2554"]
[BlackElo "2617"]
[EventDate "2001.09.22"]

1. e4 e6 2. d4 d5 3. Nc3 Nf6 4. e5 Nfd7 5. f4 c5 6. Nf3 Nc6 7. Be3 cxd4 8.
Nxd4 Bc5 9. Qd2 O-O 10. O-O-O Nxd4 11. Bxd4 a6 12. Kb1 b5 13. Qe3 Qb6 14.
Bxc5 Nxc5 15. Bd3 b4 16. Ne2 a5 17. Nd4 Ba6 18. f5 Nxd3 19. f6 gxf6 20.
cxd3 Qc7 21. exf6 Kh8 22. Nf3 Rg8 23. Ne5 Rxg2 24. Rc1 Qa7 25. d4 Re2 26.
Qf4 Rg8 27. Rhg1 Rgg2 28. Rxg2 Rxg2 29. Qe3 Qb7 30. Rg1 Qb5 31. Nxf7+ Kg8
32. Rxg2+ Kxf7 33. Rg7+ Kf8 34. Qg1 1-0

[Event "ECC"]
[Site "Panormo GRE"]
[Date "2001.09.25"]
[Round "3"]
[White "Pigusov,E"]
[Black "Kruppa,Y"]
[Result "1/2-1/2"]
[WhiteElo "2613"]
[BlackElo "2552"]
[EventDate "2001.09.22"]

1. c4 e6 2. g3 d5 3. Bg2 Nf6 4. Nf3 Be7 5. O-O O-O 6. d4 dxc4 7. Qc2 a6 8.
a4 Bd7 9. Qxc4 Bc6 10. Bg5 Bd5 11. Qc2 Be4 12. Qd1 c5 13. dxc5 Qxd1 14.
Rxd1 Bxc5 15. Nc3 Bc6 16. Ne5 Bxg2 17. Kxg2 b6 18. Bxf6 gxf6 19. Nd7 Nxd7
20. Rxd7 Rfd8 21. Rad1 Rxd7 22. Rxd7 Kf8 23. Ne4 Be7 24. Rb7 f5 25. Nc3 Bc5
26. Na2 Rd8 27. b4 Be7 28. Nc1 Bxb4 29. Rxb6 a5 30. Nd3 Rd4 31. Nxb4
1/2-1/2

[Event "ECC"]
[Site "Panormo GRE"]
[Date "2001.09.25"]
[Round "3"]
[White "Savchenko,S"]
[Black "Volkov,S"]
[Result "0-1"]
[WhiteElo "2549"]
[BlackElo "2578"]
[EventDate "2001.09.22"]

1. d4 d5 2. c4 c6 3. Nf3 Nf6 4. e3 Bf5 5. Nc3 e6 6. Nh4 Be4 7. f3 Bg6 8.
Qb3 Qc7 9. Bd2 Nbd7 10. Rc1 Be7 11. g3 Rc8 12. Kf2 O-O 13. Nxg6 hxg6 14.
Be2 dxc4 15. Bxc4 e5 16. Ne2 e4 17. Nf4 exf3 18. Kxf3 Nb6 19. Nxg6 Nxc4 20.
Qxc4 Rfe8 21. Nf4 Qd7 22. Rhf1 Bd6 23. Kg2 Ne4 24. Bc3 Ng5 25. Bd2 Re4 26.
Rf2 Bxf4 27. gxf4 Qh3+ 28. Kh1 Nf3 29. Qf1 Qxf1+ 30. Rcxf1 Nxd2 31. Rxd2
Rxe3 32. Kg2 Rd8 33. Rfd1 Rd5 34. Kf2 Rh3 35. Kg2 Rh4 36. Rf2 g6 37. Rd3
Kg7 38. Ra3 a5 39. Rb3 b5 40. Rc3 Rxd4 41. Kg3 g5 42. Rxc6 Rhxf4 43. Rxf4
gxf4+ 44. Kg4 Rd2 45. Rc5 Rxb2 46. a4 bxa4 47. Rxa5 Ra2 48. h4 a3 49. Kxf4
Ra1 50. Kg4 a2 51. Kh5 f5 52. Ra7+ Kf6 53. Ra6+ Ke5 54. Ra5+ Kd6 55. Ra6+
Kc5 56. Kg5 Rg1+ 57. Kxf5 a1=Q 58. Rxa1 Rxa1 59. h5 Kd6 0-1

[Event "ECC"]
[Site "Panormo GRE"]
[Date "2001.09.25"]
[Round "3"]
[White "Glek,I"]
[Black "Gdanski,J"]
[Result "1-0"]
[WhiteElo "2574"]
[BlackElo "2537"]
[EventDate "2001.09.22"]

1. e4 e6 2. d4 d5 3. Nc3 Bb4 4. exd5 exd5 5. Bd3 Nc6 6. a3 Bxc3+ 7. bxc3
Be6 8. Rb1 b6 9. Ne2 Qd7 10. O-O Nge7 11. Nf4 Bg4 12. f3 Bf5 13. Nh5 O-O-O
14. Bb5 Kb7 15. Re1 Nc8 16. a4 a6 17. Bf1 Na5 18. Bf4 Qc6 19. Bd2 Nc4 20.
Bxc4 dxc4 21. Re5 Rd5 22. Rxd5 Qxd5 23. Nf4 Qc6 24. Be3 g5 25. Ne2 a5 26.
Rb2 h6 27. d5 Qd6 28. Ng3 Bg6 29. Rb5 Re8 30. Bf2 Qa3 31. Ne2 Qxa4 32. Nd4
Na7 33. Rb2 Qd7 34. h3 Qxd5 35. Qb1 Rd8 36. Kh2 Kc8 37. Bg3 Rd7 38. Qe1 h5
39. h4 f6 40. Qe3 gxh4 41. Bf4 Bf7 42. Qf2 Qc5 43. Rb1 a4 44. Qxh4 a3 45.
Ra1 Qa5 46. Ne2 Kb7 47. Qxf6 Nc6 48. Ra2 Qc5 49. Ng3 Bd5 50. Qf5 Rf7 51.
Qg5 h4 52. Nh5 h3 53. Kxh3 Be6+ 54. Kg3 Rf5 55. Qg7 1-0

[Event "ECC"]
[Site "Panormo GRE"]
[Date "2001.09.25"]
[Round "3"]
[White "Lastin,A"]
[Black "Palac,M"]
[Result "1-0"]
[WhiteElo "2628"]
[BlackElo "2578"]
[EventDate "2001.09.22"]

1. e4 c5 2. Nf3 d6 3. d4 cxd4 4. Nxd4 Nf6 5. Nc3 a6 6. Bg5 Nc6 7. Qd2 e6 8.
O-O-O Bd7 9. f4 b5 10. Bxf6 gxf6 11. Nxc6 Bxc6 12. f5 Qb6 13. Kb1 Qc5 14.
Bd3 h5 15. Qe1 O-O-O 16. Rf1 Bh6 17. fxe6 fxe6 18. Rxf6 Qe5 19. Qf2 Bb7 20.
Rf7 Rhf8 21. a3 Rxf7 22. Qxf7 Rf8 23. Qg6 Be3 24. Be2 Rh8 25. Rd3 Bg1 26.
Rh3 Bxh2 27. Bxh5 Kb8 28. Bg4 Rxh3 29. gxh3 Bc8 30. Qe8 Qf6 31. Ka2 Bg3 32.
Qg8 Bf2 33. Nd5 Qd4 34. Nb4 Qc4+ 35. b3 Qxe4 36. Qf8 Bc5 37. Bf3 Qh7 38.
Nc6+ 1-0

[Event "ECC"]
[Site "Panormo GRE"]
[Date "2001.09.25"]
[Round "3"]
[White "Yemelin,V"]
[Black "Filippov,V"]
[Result "1-0"]
[WhiteElo "2507"]
[BlackElo "2617"]
[EventDate "2001.09.22"]

1. e4 e6 2. d4 d5 3. Nd2 c5 4. Ngf3 cxd4 5. exd5 Qxd5 6. Bc4 Qd6 7. O-O Nf6
8. Nb3 Nc6 9. Nbxd4 Nxd4 10. Nxd4 a6 11. Re1 Bd7 12. c3 Qc7 13. Qe2 Bd6 14.
h3 O-O 15. Bg5 Bh2+ 16. Kh1 Bf4 17. Bxf6 gxf6 18. Bd3 f5 19. Qh5 Kh8 20.
Nxf5 exf5 21. Re7 Qc6 22. Rxd7 Rg8 23. f3 Rxg2 24. Kxg2 Qxd7 25. Bxf5 Qd2+
26. Kf1 Bh6 27. Qxf7 Bg7 28. Qh5 Bh6 29. Qf7 Bg7 30. Re1 Rg8 31. Be4 Qh6
32. Qd7 b5 33. Rd1 Bf6 34. Qf5 Qg7 35. Ke2 Bd8 36. Rg1 Qe7 37. Rxg8+ Kxg8
38. Qd5+ Kg7 39. Qb7 Qxb7 40. Bxb7 a5 41. a3 Kf6 42. f4 Be7 43. Bc6 b4 44.
cxb4 axb4 45. a4 Bd8 46. Kf3 Ke6 47. Ke4 h6 48. b3 1-0

[Event "ECC"]
[Site "Panormo GRE"]
[Date "2001.09.25"]
[Round "3"]
[White "Storland,K"]
[Black "Hall,Je"]
[Result "0-1"]
[WhiteElo "2282"]
[BlackElo "2501"]
[EventDate "2001.09.22"]

1. c4 c5 2. Nc3 Nc6 3. g3 g6 4. Bg2 d6 5. Nf3 e5 6. d3 Bg7 7. Nd2 Nge7 8.
Nf1 a6 9. Bg5 f6 10. Bd2 Rb8 11. a4 Nb4 12. Ne3 Be6 13. a5 O-O 14. O-O f5
15. Ra4 f4 16. Nc2 Nxc2 17. Qxc2 Nc6 18. Nd5 Nd4 19. Qd1 Bg4 20. f3 Bd7 21.
Ra2 Bh6 22. g4 Bc6 23. b4 Bg5 24. Bc3 Bxd5 25. cxd5 Qd7 26. Qe1 Qf7 27. h4
Qxd5 28. Rb2 Be7 29. g5 Nf5 30. Bh3 cxb4 31. Rxb4 Qxa5 32. Bxf5 Rxf5 33.
Rxb7 Qd8 34. Rxb8 Qxb8 35. Qa1 Qa7+ 36. Kh1 h6 37. Qa2+ Kg7 38. gxh6+ Kxh6
39. Qg8 Bxh4 40. Qh8+ Qh7 41. Qxh7+ Kxh7 42. Ra1 Bf2 43. Bb4 Rh5+ 44. Kg2
Bg3 45. Rh1 Rxh1 46. Kxh1 Kg7 47. Bxd6 Kf6 48. Kg2 a5 49. Kh3 Be1 50. d4
exd4 51. Bxf4 a4 52. Bd6 Bd2 53. Ba3 Ke5 54. Kg4 g5 55. Bb2 Be3 0-1

[Event "ECC"]
[Site "Panormo GRE"]
[Date "2001.09.25"]
[Round "3"]
[White "Pedersen,St"]
[Black "Harestad,T"]
[Result "1/2-1/2"]
[WhiteElo "2453"]
[BlackElo "2235"]
[EventDate "2001.09.22"]

1. e4 c5 2. Nf3 Nc6 3. d4 cxd4 4. Nxd4 Nf6 5. Nc3 e5 6. Ndb5 d6 7. Bg5 a6
8. Na3 b5 9. Bxf6 gxf6 10. Nd5 Bg7 11. Bd3 Be6 12. c3 f5 13. Qh5 f4 14. O-O
Ne7 15. Nxe7 Qxe7 16. Nc2 Qd7 17. Nb4 O-O 18. Qe2 Rfb8 19. a4 a5 20. Bxb5
Qc8 21. Nc6 Rb7 22. b4 Rc7 23. Nxa5 Rxc3 24. Qd2 Rc2 25. Qxd6 Bf8 26. Qxe5
Bxb4 27. Qg5+ Kf8 28. Qh6+ Kg8 29. Qg5+ Kf8 30. Qh6+ Kg8 31. e5 Bxa5 32.
Qg5+ Kf8 33. Qh6+ Kg8 34. Qg5+ Kf8 35. Qh6+ Kg8 1/2-1/2

[Event "ECC"]
[Site "Panormo GRE"]
[Date "2001.09.25"]
[Round "3"]
[White "Harestad,H"]
[Black "Bekker Jensen,S"]
[Result "0-1"]
[WhiteElo "2196"]
[BlackElo "2356"]
[EventDate "2001.09.22"]

1. d4 Nf6 2. c4 g6 3. Nc3 Bg7 4. e4 d6 5. Nf3 O-O 6. Be2 Na6 7. Bf4 Nh5 8.
Bg5 h6 9. Be3 e5 10. Qd2 Kh7 11. Rd1 Qe8 12. O-O f5 13. exf5 gxf5 14. dxe5
dxe5 15. Qd5 e4 16. Nh4 Nf6 17. Qd2 Qe7 18. g3 Be6 19. Nd5 Qf7 20. Nf4 Bxc4
21. Bxc4 Qxc4 22. Nxf5 Bh8 23. b3 Qb5 24. Nd4 Qe5 25. Nfe6 Rfe8 26. f4 exf3
27. Bf4 Qe4 28. Rde1 Qg6 29. Nxf3 c6 30. Nh4 Qf7 31. Qd3+ Kg8 32. Nf5 Ng4
33. Nxh6+ Nxh6 34. Bxh6 Qh7 35. Rf5 Qxh6 36. Qd7 Bf6 37. Re4 Re7 38. Qd1
Rh7 39. Qe2 Re8 40. h4 Nb8 41. Ng5 Rxe4 42. Qxe4 Re7 43. Qc4+ Kg7 44. Ne6+
Rxe6 0-1

[Event "ECC"]
[Site "Panormo GRE"]
[Date "2001.09.25"]
[Round "3"]
[White "Horvath,Ad"]
[Black "Salmensuu,O"]
[Result "1-0"]
[WhiteElo "2504"]
[BlackElo "2431"]
[EventDate "2001.09.22"]

1. e4 e6 2. d4 d5 3. Nc3 Nf6 4. Bg5 Bb4 5. e5 h6 6. Bd2 Bxc3 7. bxc3 Ne4 8.
Qg4 Kf8 9. Bd3 Nxd2 10. Kxd2 c5 11. Nf3 c4 12. Be2 Nc6 13. a4 Bd7 14. Qf4
a6 15. h4 b5 16. g4 b4 17. cxb4 Qe7 18. c3 Nxb4 19. Rhb1 Nc6 20. Bd1 Be8
21. Ke2 Kg8 22. Bc2 Na5 23. g5 Nb3 24. Bxb3 cxb3 25. Rxb3 Qc7 26. Rab1 Qc4+
27. Kd2 Rc8 28. Ra3 a5 29. Ke3 hxg5 30. Nxg5 Qc7 31. Kf3 Rb8 32. Rab3 Rc8
33. Kg2 f6 34. Rb7 Qxc3 35. Rxg7+ Kxg7 36. Nxe6+ Kg8 37. Qg4+ Kf7 38. Qg7+
Kxe6 39. Qxf6+ Kd7 40. Qd6+ 1-0

[Event "ECC"]
[Site "Panormo GRE"]
[Date "2001.09.25"]
[Round "3"]
[White "Kiik,K"]
[Black "Groszpeter,A"]
[Result "1/2-1/2"]
[WhiteElo "2449"]
[BlackElo "2495"]
[EventDate "2001.09.22"]

1. Nf3 Nf6 2. c4 e6 3. b3 d5 4. Bb2 c5 5. e3 dxc4 6. bxc4 Be7 7. Be2 b6 8.
Ne5 Bb7 9. Bf3 Qc7 10. Bxb7 Qxb7 11. O-O O-O 12. d3 Nfd7 13. Qf3 1/2-1/2

[Event "ECC"]
[Site "Panormo GRE"]
[Date "2001.09.25"]
[Round "3"]
[White "Horvath,Gy"]
[Black "Jouhki,Y"]
[Result "1/2-1/2"]
[WhiteElo "2441"]
[BlackElo "2274"]
[EventDate "2001.09.22"]

1. c4 c5 2. Nf3 g6 3. d4 cxd4 4. Nxd4 Bg7 5. e4 Qb6 6. Nb3 f5 7. exf5 gxf5
8. Be2 Nf6 9. Nc3 O-O 10. c5 Qd8 11. Qd3 Nc6 12. O-O a5 13. Na4 b5 14. Nb6
Ra7 15. Qxb5 a4 16. Nd2 a3 17. bxa3 Kh8 18. Qb1 Nd4 19. Bd3 Ng4 20. Bb2 Qc7
21. g3 Bb7 22. Bxd4 Bxd4 23. Qb5 Bxa1 24. Rxa1 Qe5 25. Rf1 Bc6 26. Qb4 f4
27. Be4 Bxe4 28. Qxe4 Qxe4 29. Nxe4 Ne5 30. Rd1 fxg3 31. hxg3 Rxa3 32. Rd5
d6 33. cxd6 exd6 34. Rxd6 Rxa2 35. Nd5 Ng4 36. Nf4 Re8 37. Rd4 Rb8 38. Kg2
Rb7 39. Nh5 Rb8 40. Nd2 Ne5 41. Kh3 h6 42. f4 Rbb2 43. Rd5 Rxd2 44. Rxe5
Re2 45. Rb5 Rab2 46. Ra5 Ra2 1/2-1/2

[Event "ECC"]
[Site "Panormo GRE"]
[Date "2001.09.25"]
[Round "3"]
[White "Horvath,Ta1"]
[Black "Behm,J"]
[Result "1-0"]
[WhiteElo "2356"]
[BlackElo "2126"]
[EventDate "2001.09.22"]

1. e4 e6 2. d4 d5 3. Nc3 dxe4 4. Nxe4 Nd7 5. g3 Ngf6 6. Nxf6+ Nxf6 7. Bg2
c5 8. Ne2 Qb6 9. O-O Bd7 10. c4 cxd4 11. Nxd4 Bc5 12. Nb3 Bc6 13. Bxc6+
Qxc6 14. Na5 Qb6 15. Qa4+ Ke7 16. Nb3 Qb4 17. Nxc5 Qxc5 18. Be3 Qc6 19.
Qb4+ Kd7 20. Rad1+ Kc8 21. Rd6 Qc7 22. Rfd1 b6 23. Qa4 Kb7 24. Rd7 Nxd7 25.
Rxd7 Rac8 26. Bf4 1-0

[Event "ECC"]
[Site "Panormo GRE"]
[Date "2001.09.25"]
[Round "3"]
[White "Kantsler,B"]
[Black "Paehtz,T"]
[Result "0-1"]
[WhiteElo "2524"]
[BlackElo "2451"]
[EventDate "2001.09.22"]

1. d4 g6 2. e4 Bg7 3. Nc3 d6 4. Be3 a6 5. f4 b5 6. Bd3 Bb7 7. Nf3 b4 8. Ne2
Nf6 9. Ng3 Nbd7 10. O-O c5 11. c3 Ng4 12. Bd2 cxd4 13. cxd4 Qb6 14. Ne2 e5
15. Qa4 exd4 16. Rfc1 Bxe4 17. Ne1 a5 18. Ng3 Bd5 19. h3 Ngf6 20. Bb5 d3+
21. Kh2 Qf2 22. Rd1 Ra7 23. Bc6 h5 24. Bxd5 Ng4+ 25. Kh1 Qxg3 26. Nf3 Nf2+
27. Kg1 Nxh3+ 28. Kh1 Nf2+ 29. Kg1 Nxd1 30. Rxd1 O-O 31. Qc6 Nf6 32. Bc4
Ng4 33. Qxd6 Qf2+ 34. Kh1 h4 35. Qxg6 Qg3 36. Qh5 h3 0-1

[Event "ECC"]
[Site "Panormo GRE"]
[Date "2001.09.25"]
[Round "3"]
[White "Berend,E"]
[Black "Gofshtein,Z"]
[Result "0-1"]
[WhiteElo "2297"]
[BlackElo "2518"]
[EventDate "2001.09.22"]

1. d4 Nf6 2. Nf3 e6 3. Bg5 c5 4. e3 d5 5. Nbd2 Be7 6. c3 b6 7. Bb5+ Nfd7 8.
Bxe7 Qxe7 9. O-O O-O 10. e4 Bb7 11. Qe2 Nf6 12. e5 Nfd7 13. Rfe1 a5 14. a4
Rc8 15. h4 Nc6 16. Ra3 Rc7 17. Bd3 Rac8 18. Bb1 cxd4 19. cxd4 Nb4 20. Ng5
Nf8 21. Rg3 h6 22. Ngf3 Ba6 23. Qe3 Kh8 24. Nf1 Nc2 25. Bxc2 Rxc2 26. N1h2
Nh7 27. Rb1 Re2 28. Qf4 Rcc2 29. Rxg7 Kxg7 30. Ng4 Qf8 31. Qxh6+ Kh8 32.
Qh5 Bd3 0-1